The railroaders /

History of the building and development of railroads in the western United States.

Bibliographic Details
Corporate Author: Time-Life Books
Other Authors: Wheeler, Keith, 1911-1994
Format: Book
Language:English
Published: New York : Time-Life Books, ©1973.
Series:Old West (Alexandria, Va.)
Subjects:

MARC

Tag First Indicator Second Indicator Subfields
LEADER 00000cam a2200000 i 4500
001 in00000049058
005 20231019132700.0
008 740205s1973 nyuabch b 001 0 eng
010 |a  73084316  
016 7 |a 014005925  |2 Uk 
019 |a 1371608  |a 5009684  |a 5079748  |a 8927099  |a 60062085  |a 775876742 
020 |a 080941466X 
020 |a 9780809414666 
020 |a 9780809414673 
020 |a 0809414678 
029 1 |a AU@  |b 000000524560 
029 1 |a AU@  |b 000047385661 
029 1 |a HEBIS  |b 183613325 
029 1 |a NZ1  |b 3897761 
029 1 |a UKBCI  |b 129895903 
029 1 |a UKBNS  |b 129895903 
029 1 |a UKSCO  |b 129895903 
029 1 |a UKSGC  |b 129895903 
029 1 |a UKSOM  |b 129895903 
029 1 |a UNITY  |b 08321349X 
029 1 |a UNITY  |b 087520133 
029 1 |a UNITY  |b 113992599 
029 1 |a NZ1  |b 862854 
029 1 |a UNITY  |b 129895903 
029 1 |a UKMGB  |b 014005925 
035 |a (OCoLC)ocm00821106  
035 |a (OCoLC)821106  |z (OCoLC)1371608  |z (OCoLC)5009684  |z (OCoLC)5079748  |z (OCoLC)8927099  |z (OCoLC)60062085  |z (OCoLC)775876742 
035 |a (OCoLC)ocm00821106  
040 |a DLC  |b eng  |c DLC  |d OCLCQ  |d XY4  |d UKV3G  |d BTCTA  |d BAKER  |d IGR  |d CBT  |d TXRCL  |d OCLCQ  |d UKMGB  |d OKN  |d GZM  |d OCLCF  |d OCLCO  |d OCLCQ  |d OCLCO  |d MQ9  |d TXMAR  |d ZCU  |d OCLCA  |d OCL  |d COH  |d OCLCO 
043 |a n-usp-- 
050 0 0 |a HE2751  |b .T55 1973 
082 0 0 |a 385/.0978 
110 2 |a Time-Life Books. 
245 1 4 |a The railroaders /  |c by the editors of Time-Life Books with text by Keith Wheeler. 
260 |a New York :  |b Time-Life Books,  |c ©1973. 
300 |a 240 pages :  |b illustrations (some color), facsimiles (some color), maps, portraits ;  |c 28 cm. 
336 |a text  |b txt  |2 rdacontent 
337 |a unmediated  |b n  |2 rdamedia 
338 |a volume  |b nc  |2 rdacarrier 
490 1 |a The Old West 
500 |a Designed by Herbert H. Quarmby. 
504 |a Includes bibliographical references (pages 236-237) and index. 
505 0 |a Work of visionaries--or of fools? -- Barons of the Western roads -- Working on the railroad -- Ride to California -- Men who made the trains go -- Gaudy rail-borne harvest -- Credits -- Bibliography -- Acknowledgments -- Index. 
530 |a Also issued online. 
520 |a History of the building and development of railroads in the western United States. 
650 0 |a Pacific railroads  |x History. 
650 0 |a Railroads  |z West (U.S.)  |x History. 
651 0 |a West (U.S.)  |x History. 
650 1 |a Railroads  |z West (U.S)  |x History. 
650 1 |a Railroads  |z United States  |x History. 
651 4 |a West (U.S.)  |x History  |y 1848-1950. 
650 6 |a Chemins de fer du Pacifique (États-Unis)  |x Histoire. 
651 6 |a États-Unis (Ouest)  |x Histoire. 
650 7 |a Pacific railroads.  |2 fast  |0 (OCoLC)fst01050036 
650 7 |a Railroads.  |2 fast  |0 (OCoLC)fst01088711 
651 7 |a West United States.  |2 fast  |0 (OCoLC)fst01243255 
650 7 |a Railroads  |z United States  |x History.  |2 sears 
651 7 |a West (U.S.)  |x History.  |2 sears 
655 7 |a History.  |2 fast  |0 (OCoLC)fst01411628 
700 1 |a Wheeler, Keith,  |d 1911-1994. 
700 1 |a Quarmby, Herbert H.,  |e book designer. 
710 2 |a Time-Life Books. 
776 0 8 |i Online version:  |a Time-Life Books.  |t Railroaders.  |d New York : Time-Life Books, ©1973  |w (OCoLC)567941356 
830 0 |a Old West (Alexandria, Va.) 
938 |a Baker & Taylor  |b BKTY  |c 19.93  |d 14.95  |i 0809414678  |n 0000690041  |s active 
938 |a Baker and Taylor  |b BTCP  |n 73084316 //r942 
948 |h HELD BY TXA - 2199 OTHER HOLDINGS 
994 |a Z0  |b TXA 
999 f f |s 94e1af2d-76ff-344c-bded-5038fd82f8bf  |i 7721ad7a-9172-3c37-8b89-5d0a576dbb28  |t 0 
952 f f |p ric  |a Texas A&M University  |b Rellis Campus  |c Joint Library Facility  |s JLF  |d Remote Storage  |t 0  |e HE2751 .T55 1973  |h Library of Congress classification  |i unmediated -- volume  |m A14802753410 
952 f f |p noncirc  |a Texas A&M University  |b College Station  |c Cushing Memorial Library & Archives  |s cush dyks  |d Cushing: Dykes (Does not check out)  |t 0  |e HE2751 .T55 1973  |h Library of Congress classification  |i unmediated -- volume  |m A14853121956 
952 f f |a Texas A&M University  |b College Station  |c Sterling C. Evans Library  |s Evans Withdrawn (Evans)  |d SUPPRESSED  |t 1  |e HE2751 .T55 1973  |h Library of Congress classification 
952 f f |a Texas A&M University  |b College Station  |c Sterling C. Evans Library  |s Evans Withdrawn (Evans)  |d SUPPRESSED  |t 1  |e HE2751 .T55 1973  |h Library of Congress classification